Geography Quiz

Random Geography or State Quiz

City with the Largest Stadium per State Quiz Stats

 Plays Quiz Updated Oct 20, 2016

Challenge
Share
Tweet
Embed
Score 0/50 Timer 10:00
5 Plays Today
State City % Correct
CaliforniaLos Angeles
85.4%
ColoradoDenver
82.9%
HawaiiHonolulu
75.2%
NevadaWhitney
72.6%
IdahoBoise
71.4%
OhioColumbus
70.8%
AlaskaAnchorage
70.3%
MinnesotaMinneapolis
68.7%
WashingtonSeattle
67.3%
MissouriKansas City
66.8%
MichiganAnn Arbor
66.3%
TexasCollege Station
65.9%
LouisianaBaton Rouge
65.3%
WisconsinGreen Bay
63.3%
NebraskaLincoln
63.2%
North CarolinaCharlotte
57.9%
AlabamaTuscaloosa
57.5%
Rhode IslandProvidence
55.9%
TennesseeKnoxville
53.4%
ArizonaTempe
50.4%
GeorgiaAthens
50.2%
FloridaGainesville
50.1%
KentuckyLexington
50.1%
New MexicoAlbuquerque
46.6%
OregonEugene
46.4%
State City % Correct
IndianaNotre Dame
45.2%
UtahProvo
44.8%
IowaIowa City
44%
IlllinoisChampaign
42.8%
MassachusettsFoxboro
42.7%
PennsylvaniaUniversity Park
41.4%
OklahomaNorman
41.3%
DelawareNewark
40.4%
KansasManhattan
38.3%
ArkansasFayetteville
35.9%
ConnecticutNew Haven
35.5%
New JerseyEast Rutherford
34.7%
North DakotaFargo
33.2%
West VirginiaMorgantown
33.1%
VirginiaBlacksburg
31.3%
MississippiOxford
29.5%
South CarolinaClemson
29%
VermontBurlington/Northfield/Castleton
26.4%
WyomingLaramie
23%
MontanaMissoula
20.1%
MarylandLandover
18.3%
MaineOrono
13.4%
New YorkOrchard Park
11.9%
New HampshireHanover
7.6%
South DakotaBrookings
4.3%

You're not logged in!

Compare scores with friends on all Sporcle quizzes.
Join for Free
OR
Log In

You Might Also Like...

Show Comments

Extras

Top Quizzes Today


Score Distribution

Your Account Isn't Verified!

In order to create a playlist on Sporcle, you need to verify the email address you used during registration. Go to your Sporcle Settings to finish the process.

Report this User

Report this user for behavior that violates our Community Guidelines.

Details: